Index-cum - Concordance for the Holy Quran (Record no. 185281)
[ view plain ]
| 000 -LEADER | |
|---|---|
| fixed length control field | 00870 a2200169 4500 |
| 003 - CONTROL NUMBER IDENTIFIER | |
| control field | Nust |
| 005 - DATE AND TIME OF LATEST TRANSACTION | |
| control field | 20221222121640.0 |
| 040 ## - CATALOGING SOURCE | |
| Transcribing agency | Nust |
| 082 ## - DEWEY DECIMAL CLASSIFICATION NUMBER | |
| Classification number | 297.122, KHE |
| 100 ## - MAIN ENTRY--PERSONAL NAME | |
| Personal name | Kherie,Khan Bahadur Altaf Ahmed |
| 9 (RLIN) | 105645 |
| 245 ## - TITLE STATEMENT | |
| Title | Index-cum - Concordance for the Holy Quran |
| Statement of responsibility, etc. | Al Haj Khan Bahadur Altaf Ahmed kherie |
| 260 ## - PUBLICATION, DISTRIBUTION, ETC. | |
| Place of publication, distribution, etc. | Pakistan |
| Name of publisher, distributor, etc. | Darul- Ishaat |
| 300 ## - PHYSICAL DESCRIPTION | |
| Extent | Li, 1115:p |
| 505 ## - FORMATTED CONTENTS NOTE | |
| Formatted contents note | Introduction (Page-i to xxxvi), Allah (Page-1), Angels (Page-95), Allah's Book (Page-106), Prophet and apostles other than the Holy Prophet (Page-157), The Holy Prophet (Page-224), The Hereafter (Page-284), Divine Worship (Page-330), Commandments and Prohibitions (Page-390), The Goof (Page-478), The Bad (Page-659), Man and the Universe (Page-786), Certain Persons, Peoples Places etc. (Page-978). |
| 650 ## - SUBJECT ADDED ENTRY--TOPICAL TERM | |
| Topical term or geographic name entry element | Concordance for the Holy Quran |
| 9 (RLIN) | 105646 |
| 942 ## - ADDED ENTRY ELEMENTS (KOHA) | |
| Source of classification or shelving scheme | |
| Koha item type | Book |
| Withdrawn status | Lost status | Source of classification or shelving scheme | Damaged status | Not for loan | Permanent Location | Current Location | Shelving location | Date acquired | Full call number | Barcode | Date last seen | Price effective from | Koha item type | Public note |
|---|---|---|---|---|---|---|---|---|---|---|---|---|---|---|
| Military College of Signals (MCS) | Military College of Signals (MCS) | General Stacks | 12/12/2016 | 297.122,KHE | MCS31326 | 12/08/2016 | 12/12/2016 | Book | Almirah No.47, Shelf No.2 |
